Popular Movie Quiz - Statistics

General Stats
  • This quiz has been taken 50 times
  • The average score is 12 of 17
Answer Stats
Hint Answer % Correct
About a kid who trains in martial arts to fight a bully. Themed in the 80's. Karate kid
98%
About a mammoth, a sloth, and a saber-tooth tiger who try to rescue a human baby. Ice age
95%
About a bunch of toys that come to life when no one is looking. Toy Story
95%
A fish father searches the depths of the ocean for his missing son. Finding Nemo
93%
Award-winning movie about a shark that terrorizes the shores of an island off the coast of New York. Jaws
91%
Scientists bring back dinosaurs and create a theme park, with disastrous consequences. Jurassic Park
91%
A Mexican boy accidentally enters the land of the Dead. Animated. Coco
86%
A Movie about puppets that are under the leadership of a frog named Kermit. The Muppets
81%
A teenager accidentally travels back in time, and must make sure his parents fall in love so that he will still exist. Back to the Future
77%
About a man who accidentally shrinks his kids, and they try to get big again. Honey I shrunk the kids
77%
A movie about a small-time boxer who is randomly chosen to have a chance at the heavyweight championship title. Rocky
72%
A man discovers that his whole life has actually been a TV show centered around him. The Truman Show
67%
A hacker discovers that he is living in a simulation and joins a rebellion to save the world. The Matrix
60%
A movie about a skilled thief who enters peoples dreams to steal their secrets. Inception
49%
1957 movie about 12 jurors who try to resolve a murder case that is not what it seems. 12 Angry Men
47%
A New York cop finds himself in the middle of a Terrorist attack, and must single-handedly save a bunch of hostages. Die Hard
42%
2021 movie about an art thief who teams up with a police officer to track down an 3 old ornamental orbs. Red Notice
21%
No matching quizzes found
Score Distribution
Percent of People with Each Score
Percentile by Number Answered
Your Score History
You have not taken this quiz